| 000 | 00558nam a22002297a 4500 | ||
|---|---|---|---|
| 003 | OSt | ||
| 005 | 20180116182958.0 | ||
| 008 | 140611b xxu||||| |||| 00| 0 eng d | ||
| 020 | _a9788131767160 | ||
| 022 | _a9788131767160 | ||
| 040 | _c0 | ||
| 050 | _a658.8 | ||
| 082 | _a658.8 | ||
| 100 | _aKotler,Philip | ||
| 245 |
_aMarketing Management. _bA South Asian Perspective. _cPhilip Kotler |
||
| 250 | _a14th. | ||
| 260 |
_aDelhi _bPearson _c2013 |
||
| 300 | _a120p. | ||
| 500 | _aPaper Cover | ||
| 700 | _aKotler,Philip | ||
| 942 |
_2ddc _cBK _k658.8 |
||
| 999 |
_c349711 _d349711 |
||